STN EN ISO 9856 Dopravné pásy. Určenie pružného a trvalého predĺženia a výpočet modulu pružnosti

Bibliographic Details
Format: Book
Language:Slovak
PhysicalDescription:12 s.
Published: Bratislava Slovenský ústav technickej normalizácie 2004

MARC

LEADER 00000nam a2200000 a 4500
001 vtls008185198
003 SK-MaSNL
005 20260224204032.0
008 130117s xo u 000 0 slo
015 |a SNBN2013 
040 |a SNK  |b slo  |c SNK  |e AACR2 
245 0 0 |a STN EN ISO 9856 Dopravné pásy. Určenie pružného a trvalého predĺženia a výpočet modulu pružnosti 
260 |a Bratislava  |b Slovenský ústav technickej normalizácie  |c 2004 
300 |a 12 s. 
774 1 8 |t STN EN ISO 9856/A1: 2012  |d Bratislava: Slovenský ústav technickej normalizácie, 2012  |w vtls010467806 
999 |c 1163493  |d 1165423 
952 |a SNK  |b SNK  |y PREZ  |7 0  |p 17A0479208  |o snkSTN EN ISO 9856  |i snk2005/12576  |8 0  |0 0  |1 0  |4 0  |d 2005-07-19  |l 0  |r 2026-02-24 20:40:32  |w 2026-02-24 
952 |a SNK  |b SNK  |y PREZ  |7 0  |p 17A0479209  |o snkSTN EN ISO 9856 D1  |i snk2005/12577  |8 0  |0 0  |1 0  |4 0  |d 2005-07-19  |l 0  |r 2026-02-24 20:40:33  |w 2026-02-24